00189nam a2200073Ia 4500008004100000100001800041245004000059260001600099120527s9999 xx 000 0 und d aHumphreysh R. aTropical pastures and fodder crops. bI. T. A. S.